La región de la puna argentina /

Detalles Bibliográficos
Autor principal: Bolsi, Alfredo S. C.
Formato: Libro
Publicado: Resistencia : Universidad Nacional del Nordeste, 1968.
Materias:
Etiquetas: Agregar Etiqueta
Sin Etiquetas, Sea el primero en etiquetar este registro!

MARC

LEADER 00000nam a22000004a 4500
001 AR-BbUGT2757
003 AR-BbUGT
005 20181220001704.0
007 ta
008 061101t1968 |||ao |0|||0| d
040 |a AR-BbUGT  |b spa  |c AR-BbUGT 
082 0 4 |a 918.24 
100 1 |a Bolsi, Alfredo S. C. 
245 1 3 |a La región de la puna argentina /   |c Alfredo S. C. Bolsi. 
260 |a Resistencia :   |b Universidad Nacional del Nordeste,   |c 1968. 
300 |a 57 p. :   |b il., fot. 
653 |a Puna Argentina 
942 |c BK  |h 918.24  |i B639  |m D  |2 ddc  |6 918_240000000000000_B639 
999 |c 10316  |d 10316